<?xml version="1.0" encoding="UTF-8"?>
<record
    xmlns:xsi="http://www.w3.org/2001/XMLSchema-instance"
    xsi:schemaLocation="http://www.loc.gov/MARC21/slim http://www.loc.gov/standards/marcxml/schema/MARC21slim.xsd"
    xmlns="http://www.loc.gov/MARC21/slim">

  <leader>00871nam a2200253Ia 4500</leader>
  <datafield tag="999" ind1=" " ind2=" ">
    <subfield code="c">50819</subfield>
    <subfield code="d">50819</subfield>
  </datafield>
  <controlfield tag="001">17772</controlfield>
  <controlfield tag="003">GE_BSU</controlfield>
  <controlfield tag="005">20200224112530.0</controlfield>
  <controlfield tag="008">181216s||||||||xx |||||||||||||| ||fre||</controlfield>
  <datafield tag="020" ind1=" " ind2=" ">
    <subfield code="a">ISBN- 978-2011554352</subfield>
  </datafield>
  <datafield tag="040" ind1=" " ind2=" ">
    <subfield code="c">GE_BSU</subfield>
  </datafield>
  <datafield tag="041" ind1=" " ind2=" ">
    <subfield code="a">fre</subfield>
  </datafield>
  <datafield tag="080" ind1=" " ind2=" ">
    <subfield code="a">811.133.1 L-58</subfield>
  </datafield>
  <datafield tag="245" ind1=" " ind2=" ">
    <subfield code="a">Les 500 Exercices Grammaire: Niveau :</subfield>
    <subfield code="b"> Niveau: A 2 :  Avec Corriges     /</subfield>
    <subfield code="c">Anne Akyuz ;  Bernadette Bazelle-Shahmaei ;  Joelle Bonenfant ;  Marie-Francoise Gliemann .</subfield>
  </datafield>
  <datafield tag="264" ind1=" " ind2=" ">
    <subfield code="a">Paris :</subfield>
    <subfield code="b">Hachette,</subfield>
    <subfield code="c">2006.</subfield>
  </datafield>
  <datafield tag="300" ind1=" " ind2=" ">
    <subfield code="a">223 p;</subfield>
    <subfield code="c">24 cm.</subfield>
  </datafield>
  <datafield tag="653" ind1=" " ind2=" ">
    <subfield code="a">Les 500 Exercices Grammaire</subfield>
  </datafield>
  <datafield tag="653" ind1=" " ind2=" ">
    <subfield code="a">&#x10E4;&#x10E0;&#x10D0;&#x10DC;&#x10D2;&#x10E3;&#x10DA;&#x10D8; &#x10D4;&#x10DC;&#x10D0;(&#x10D2;&#x10E0;&#x10D0;&#x10DB;&#x10D0;&#x10E2;&#x10D8;&#x10D9;&#x10D0;)</subfield>
  </datafield>
  <datafield tag="700" ind1=" " ind2=" ">
    <subfield code="a">Akyuz,   Anne</subfield>
    <subfield code="9">7365</subfield>
  </datafield>
  <datafield tag="700" ind1=" " ind2=" ">
    <subfield code="a">Bernadette ,  Bazelle-Shahmaei,</subfield>
    <subfield code="9">7366</subfield>
  </datafield>
  <datafield tag="700" ind1=" " ind2=" ">
    <subfield code="a">Bonenfant,  Joelle </subfield>
    <subfield code="9">7367</subfield>
  </datafield>
  <datafield tag="700" ind1=" " ind2=" ">
    <subfield code="a">Gliemann,  Marie-Francoise</subfield>
    <subfield code="9">7368</subfield>
  </datafield>
  <datafield tag="942" ind1=" " ind2=" ">
    <subfield code="c">BK</subfield>
    <subfield code="2">udc</subfield>
  </datafield>
  <datafield tag="952" ind1=" " ind2=" ">
    <subfield code="0">0</subfield>
    <subfield code="1">0</subfield>
    <subfield code="2">udc</subfield>
    <subfield code="4">0</subfield>
    <subfield code="6">8111331_L58</subfield>
    <subfield code="7">0</subfield>
    <subfield code="9">69544</subfield>
    <subfield code="a">CPL</subfield>
    <subfield code="b">CPL</subfield>
    <subfield code="c">GEN</subfield>
    <subfield code="d">2018-12-17</subfield>
    <subfield code="o">811.133.1 L-58</subfield>
    <subfield code="p">45664</subfield>
    <subfield code="r">2018-12-17</subfield>
    <subfield code="t">45664</subfield>
    <subfield code="w">2018-12-17</subfield>
    <subfield code="y">BK</subfield>
  </datafield>
</record>
